000 00554njm a2200181 i 4500
001 C2-0228039
003 PPAK
005 20180729152152.0
008 000801s1995 my |||| ||||| | may d
040 _aPPAK
_beng
_cPPAK
_erda
245 0 0 _aTunku Abdul Rahman
264 1 _aAlor Setar, Kedah :
_bPerbadanan Perpustakaan Awam Kedah ,
_c1995
336 _2rdacontent
_atext
337 _2rdamedia
_aunmediated
338 _2rdacarrier
_avolume
500 _aDirakam pada 03/09/95 ; Temubual bersama Tunku Ismail ; mempunyai transkripsi
942 _ddc
_cB
999 _c163215
_d163215